LEADER 00992nam0-22003491i-450 001 990000682950403321 005 20191118125337.0 010 $a88.7056.511.4 035 $a000068295 035 $aFED01000068295 035 $a(Aleph)000068295FED01 035 $a000068295 100 $a20001010d1985----km-y0itay50------ba 101 0 $aita 105 $ay-------001yy 200 1 $a<>package applicativi$emerceologia del software pret à porter$fG. Carducci 210 $aMilano$cJackson$d1985 215 $aVI, 68 p.$d21 cm 225 1 $a<>quaderni Jackson di Personal Computer$v13 610 0 $aMicroelaboratori$aSistemi operativi 676 $a005.4 700 1$aCarducci,$bGiulio$025270 801 0$aIT$bUNINA$gRICA$2UNIMARC 901 $aBK 912 $a990000682950403321 952 $a01 LAB.8$b00331$fDINST 952 $a02 52 B 13$b5319$fFINBN 959 $aFINBN 959 $aDINST 996 $aPackage applicativi$9325865 997 $aUNINA DB $aING01